Central Library OPAC University of Rajshahi

Electron density and bonding in crystals : (Record no. 69851)

MARC details
000 -LEADER
fixed length control field 01081nam a2200265 a 4500
001 - CONTROL NUMBER
control field 69851
003 - CONTROL NUMBER IDENTIFIER
rucl marc code BD-RjUL
005 - DATE AND TIME OF LATEST TRANSACTION
control field 20211209081931.0
008 - FIXED-LENGTH DATA ELEMENTS--GENERAL INFORMATION
fixed length control field 170413s1996 enka b 001 0 eng
020 ## - INTERNATIONAL STANDARD BOOK NUMBER
International Standard Book Number 0750302844 (hbk. : alk. paper)
035 ## - SYSTEM CONTROL NUMBER
System control number (BD-RjUL)70063
040 ## - CATALOGING SOURCE
Original cataloging agency DLC
Transcribing agency DLC
Modifying agency DLC
Language of cataloging eng
041 ## - LANGUAGE CODE
Language code of text/sound track or separate title eng
082 00 - DEWEY DECIMAL CLASSIFICATION NUMBER
Edition number 23
Classification number 530.411
Author mark and year TSE 1996
100 1# - MAIN ENTRY--PERSONAL NAME
Personal name Tsirelson, V. G.
Fuller form of name (Vladimir G.)
9 (RLIN) 206876
245 10 - TITLE STATEMENT
Title Electron density and bonding in crystals :
Remainder of title principles, theory, and X-ray diffraction experiments in solid state physics and chemistry /
Statement of responsibility, etc. V.G. Tsirelson and R.P. Ozerov.
260 ## - PUBLICATION, DISTRIBUTION, ETC. (IMPRINT)
Place of publication, distribution, etc. Bristol, UK ;
-- Philadelphia, PA :
Name of publisher, distributor, etc. Institute of Physics Pub.,
Date of publication, distribution, etc. 1996.
300 ## - PHYSICAL DESCRIPTION
Pagination xii, 517 p. :
Illustrations ill. ;
Size 24 cm.
504 ## - BIBLIOGRAPHY, ETC. NOTE
Bibliography, etc Includes bibliographical references (p. [482]-513) and index.
650 #0 - SUBJECT ADDED ENTRY--TOPICAL TERM
Topical term or geographic name as entry element Electronic structure.
9 (RLIN) 206877
Topical term or geographic name as entry element Electron distribution.
9 (RLIN) 206878
700 1# - ADDED ENTRY--PERSONAL NAME
Personal name Ozerov, R. P.
Fuller form of name (Ruslan Pavlovich),
Dates associated with a name 1926-
856 42 - ELECTRONIC LOCATION AND ACCESS
Materials specified Publisher description
Uniform Resource Identifier <a href="http://www.loc.gov/catdir/enhancements/fy0661/96002230-d.html">http://www.loc.gov/catdir/enhancements/fy0661/96002230-d.html</a>
942 ## - ADDED ENTRY ELEMENTS (KOHA)
Source of classification or shelving scheme Dewey Decimal Classification
Koha item type Books
Holdings
Lost status Source of classification or shelving scheme Damaged status Not for loan Collection code Permanent Location Current Location Shelving location Date acquired Source of acquisition Cost, normal purchase price Total Checkouts Full call number Date last seen Copy number Koha item type
  Dewey Decimal Classification   Not For Loan Non-fiction Central Library, University of Rajshahi Central Library, University of Rajshahi Reading Room 24/03/1998 Ahshina Mission Book, Dhaka 8562.00   530.411 TSE 1996 13/04/2017 C-1 Books